| 000 | 00583nam a22001817a 4500 | ||
|---|---|---|---|
| 003 | OSt | ||
| 005 | 20131115125225.0 | ||
| 008 | 130625s2001 sp ||||| |||| 00| 0 spa d | ||
| 040 | _cCDMR | ||
| 100 | 1 |
_93871 _aMicco, Sergio |
|
| 245 | 1 | 2 |
_a[ Democracia y medios de comunicación social ] _cSergio Micco |
| 260 |
_aBarcelona _bFundació Ramon Trias Fargas _c2001 |
||
| 300 | _a35 p. | ||
| 490 |
_aPapers de la Fundació Ramon Trias Fargas _v2 |
||
| 650 | 0 | 4 |
_93082 _aMitjans de comunicació social _xAspectes polítics |
| 650 | 0 | 4 |
_93324 _aComunicació en la política |
| 942 |
_2udc _cFULLET |
||
| 999 |
_c6520 _d6520 |
||